| 000 | 00707 a2200217 4500 | ||
|---|---|---|---|
| 999 |
_c200002281 _d21485 |
||
| 001 | 200002281 | ||
| 003 | TR-AnTOB | ||
| 005 | 20230912095134.0 | ||
| 008 | 110219s2010 tu 000 0 | ||
| 040 |
_aTOBBETÜ _beng _cTR-AnTOB _erda |
||
| 041 | 0 | _atur | |
| 050 | 1 | 4 |
_aLA942 _b.E35 2010 |
| 090 | _aLA942 .E35 2010 | ||
| 245 | 0 | 0 |
_aEğitimde stratejik planlama : _bmakaleler / _cT.C. Milli Eğitim Bakanlığı. Strateji Geliştirme Başkanlığı ; hazırlayan Nezir Ünsal. |
| 264 | 1 |
_aAnkara : _bT.C. Milli Eğitim Bakanlığı, _c2010. |
|
| 300 |
_a263 p. ; _c24 cm. |
||
| 650 | 0 |
_aEğitim _zTürkiye _919023 |
|
| 650 | 7 |
_aStratejik planlama _zTürkiye _2etuturkob _950514 |
|
| 942 |
_cBK _2lcc |
||